Panic at the Disco- We're So Starving lyrics - Statistics

General Stats
  • This quiz has been taken 32 times
  • The average score is 72 of 79
Answer Stats
Answer % Correct
been
100%
been
100%
been
100%
been
100%
for
100%
for
100%
gone
100%
gone
100%
so
100%
so
100%
so
100%
so
100%
songs
100%
songs
100%
sorry
100%
sorry
100%
we
100%
We
100%
We
100%
We're
100%
were
100%
we're
100%
(We're
100%
We're
100%
were
100%
writing
100%
writing
100%
You
100%
You
100%
You
100%
You
100%
You
100%
You
100%
You
100%
you
100%
busy
95%
busy
95%
long
95%
long
95%
we've
95%
we've
95%
Oh,
91%
Oh,
91%
don't
86%
don't
86%
don't
86%
don't
86%
don't
86%
don't
86%
don't
86%
have
86%
have
86%
have
86%
have
86%
have
86%
how
86%
how
86%
it's
86%
it's
86%
to
86%
to
86%
to
86%
to
86%
to
86%
worry
86%
worry
86%
worry
86%
worry
86%
worry
86%
Band
82%
still
82%
still
82%
same
77%
same)
77%
the
77%
the
77%
'cause
73%
come
41%
Here
41%
No matching quizzes found
Score Distribution
Percent of People with Each Score
Percentile by Number Answered
Your Score History
You have not taken this quiz